Countries Small Borders Quiz Stats

 Plays Quiz not verified by Sporcle

Challenge
Share
Tweet
Embed
Score 0/30 Timer 08:00
0 Plays Today
Rank Country Name % Correct
1Vatican City
98.3%
2Monaco
92.7%
5San Marino
92.7%
6Liechtenstein
91.3%
9Andorra
91.3%
21Luxembourg
87.8%
4Nauru
80.1%
17Singapore
78%
3Tuvalu
77.7%
25Tonga
74.9%
18Malta
73.5%
24Samoa
73.5%
10Grenada
71.8%
8Barbados
71.4%
12Dominica
71.4%
Rank Country Name % Correct
26Seychelles
70.7%
11Saint Kitts and Nevis
70.4%
20Comoros
69.7%
28Brunei
69.3%
14Saint Lucia
69%
19São Tomé and Príncipe
67.6%
23Marshall Islands
67.6%
15Bahrain
66.9%
13Antigua and Barbuda
65.9%
30Maldives
65.9%
22Trinidad and Tobago
63.8%
16Mauritius
63.1%
29Qatar
62.4%
7Saint Vincent and the Grenadines
52.3%
27Swaziland
48.4%

You're not logged in!

Compare scores with friends on all Sporcle quizzes.
OR
Log In

You Might Also Like...

Show Comments

Extras

Top Quizzes Today


Score Distribution

Your Account Isn't Verified!

In order to create a playlist on Sporcle, you need to verify the email address you used during registration. Go to your Sporcle Settings to finish the process.

Report this User

Report this user for behavior that violates our Community Guidelines.

Details: